Guess the Fusion Rock Song Lyrics #251 - Statistics

General Stats
  • This quiz has been taken 25 times
  • The average score is 350 of 459
Answer Stats
Answer % Correct
A
100%
I
100%
the
100%
you
95%
are
91%
I'm
91%
who
91%
And
86%
and
86%
Blondie
86%
get
86%
gonna
86%
One
86%
way
86%
your
86%
all
82%
another
82%
if
82%
it
82%
or
82%
see
82%
See
82%
will
82%
can
77%
day
77%
I'll
77%
to
77%
win
77%
down
73%
find
73%
Where
73%
ya
73%
in
68%
lights
64%
maybe
64%
next
64%
of
64%
out
64%
week
64%
by
59%
drive
59%
give
59%
meet
59%
around
55%
house
55%
who's
55%
call
50%
lose
50%
past
50%
bus
45%
follow
45%
slip
45%
over
41%
downtown
36%
hangin
36%
Some
36%
checkout
32%
hip
32%
how
32%
market
32%
super
32%
walk
23%
Lead
18%
mall
18%
specials
18%
trick
18%
food
14%
rat
14%
stand
14%
wall
14%
crowd
9%
lost
9%
No matching quizzes found
Score Distribution
Percent of People with Each Score
Percentile by Number Answered
Your Score History
You have not taken this quiz